[Event "POL-chT3 1112"]
[Site "Poland"]
[Date "2012.02.12"]
[Round "6.16"]
[White "Mikolajczak, Wojciech"]
[Black "Badyra, Wasyl"]
[Result "1/2-1/2"]
[WhiteElo "1660"]
[BlackElo "1607"]
[PlyCount "90"]
[EventDate "2011.11.06"]
[EventType "team-tourn"]
[EventRounds "11"]
[EventCountry "POL"]
[SourceTitle "EXT 2015"]
[Source "ChessBase"]
[SourceDate "2014.11.20"]
[SourceVersion "1"]
[SourceVersionDate "2014.11.20"]
[SourceQuality "1"]
[WhiteTeam "Bydgoszcz Emdek"]
[BlackTeam "Swiecie Gambit"]
[WhiteTeamCountry "POL"]
[BlackTeamCountry "POL"]

1. c4 e5 2. Nc3 Nf6 3. g3 d5 4. cxd5 Nxd5 5. Bg2 Be6 6. a3 c6 7. d3 Be7 8. Nf3 Qc7 9. Bg5 f6 10. Bd2 0-0 11. Rc1 Nxc3 12. Bxc3 Nd7 13. 0-0 Nb6 14. Ba5 Rad8 15. Qc2 Qd7 16. Rfd1 Rc8 17. Bxb6 axb6 18. d4 exd4 19. Nxd4 Kh8 20. Nxe6 Qxe6 21. Be4 f5 22. Bg2 f4 23. Qc4 Qh6 24. b4 fxg3 25. hxg3 Qf6 26. Qd4 Qxd4 27. Rxd4 Rcd8 28. Rcd1 b5 29. Rxd8 Rxd8 30. Rxd8+ Bxd8 31. Bh3 Bf6 32. Bc8 b6 33. Bd7 Bb2 34. Bxc6 Bxa3 35. Bxb5 Bxb4 36. f4 Kg8 37. Kf2 Kf7 38. Kf3 h6 39. e4 Bc5 40. e5 Ke7 41. Ke4 Bg1 42. g4 Bh2 43. Kf5 Bg3 44. g5 hxg5 45. Kxg5 Bh2 1/2-1/2

[Event "POL-chT3 1112"]
[Site "Poland"]
[Date "2011.??.??"]
[Round "2.28"]
[White "Chrapkowski, Grzegorz"]
[Black "Badyra, Wasyl"]
[Result "1-0"]
[WhiteElo "2203"]
[BlackElo "1607"]
[PlyCount "41"]
[EventDate "2011.11.06"]
[EventType "team-tourn"]
[EventRounds "11"]
[EventCountry "POL"]
[SourceTitle "EXT 2015"]
[Source "ChessBase"]
[SourceDate "2014.11.20"]
[SourceVersion "1"]
[SourceVersionDate "2014.11.20"]
[SourceQuality "1"]
[WhiteTeam "Bydgoszcz SSz Pocztowiec"]
[BlackTeam "Swiecie Gambit"]
[WhiteTeamCountry "POL"]
[BlackTeamCountry "POL"]

1. c4 c6 2. e4 d5 3. exd5 cxd5 4. cxd5 Qxd5 5. Nc3 Qd8 6. d4 Bf5 7. Bf4 Nf6 8. d5 g6 9. Qb3 b6 10. Nb5 Na6 11. Qa4 Bd7 12. Qxa6 Nxd5 13. Be5 f6 14. Bc3 Bh6 15. Rd1 Bc6 16. Nd4 Nxc3 17. bxc3 Qc7 18. Nxc6 Kf8 19. Bb5 Qf4 20. Ne2 Qe4 21. 0-0 1-0